000 00339nam a2200157Ia 4500
100 _aRoja/ Mani M
250 _a2
942 _cBK
654 _acommunication
245 _aPrinciples of communication Engg
260 _bNandu Pub
_aNew delhi
_c1998
082 _a621.382
_bROJ
300 _a198
546 _aENGLISH
999 _c19739
_d19739